Κατάλογος Βιβλιοθηκών Mediterranean College

Δημιουργικό Εργαστήρι / Κατασκευάζω, Παίζω, Δημιουργώ (Record no. 9152)

MARC details
000 -LEADER
fixed length control field 01837cam a22001814a 4500
005 - ΗΜΕΡΟΜΗΝΙΑ ΚΑΙ ΩΡΑ ΤΕΛΕΥΤΑΙΑΣ ΕΝΗΜΕΡΩΣΗΣ
Πεδίο ελέγχου 20250605164354.0
008 - FIXED-LENGTH DATA ELEMENTS--GENERAL INFORMATION
Πεδίο ελέγχου σταθερού μήκους 250528s ||||||||||||||||||||||||d
035 ## - SYSTEM CONTROL NUMBER
System control number 24262
040 ## - ΠΗΓΗ ΚΑΤΑΛΟΓΟΓΡΑΦΗΣΗΣ
Φορέας πρωτότυπης καταλογογράφησης MC Athens Campus Library
Γλώσσα καταλογογράφησης Ελληνικά, Μοντέρνα (1453-)
Modifying agency MC Athens Campus Library
Κανόνες περιγραφικής καταλογογράφησης AACR2
245 1# - ΤΙΤΛΟΣ ΚΑΙ ΔΗΛΩΣΗ ΥΠΕΥΘΥΝΟΤΗΤΑΣ
Τίτλος Δημιουργικό Εργαστήρι / Κατασκευάζω, Παίζω, Δημιουργώ
260 ## - PUBLICATION, DISTRIBUTION, ETC.
Name of publisher, distributor, etc. Δίπτυχο
300 ## - PHYSICAL DESCRIPTION
Extent 60
520 ## - SUMMARY, ETC.
Summary, etc. Παραμύθι: Μπορείς να Εμπιστευτείς μια Αλεπού, Παραμύθι: Το Λιοντάρι και ο Λύκος και η Αλεπού, Κούκλα Άνοιξη, Πασχαλίτσα, Λαγουδάκια Καλτσόκουκλες, Σακουλάκι με Λιχουδιές για Παιδιά, Ένα Φουντωτό Κουνελάκι, Ένα Κουνελάκι Τσαντούλα για τις Μικρές μας Φίλες, Πασχαλινή Κάρτα, Κάρτα Κότα, Κάρτα Λαγός, Κάρτα Λαγός από Χεράκι, Κάρτα Αβγό με Παπάκι, Κάρτα με Κοτούλα, Λαγουδάκι Σελιδοδείκτης, Μάσκα Λαγός, Πουλιά Αβγοθήκες, Αβγοτερατάκια, Γεμιστά Κοτοπουλάκια, Κότα και Λαγός από Αβγοθήκη ή Ποτήρι Φελιζόλ, Αβγά Τύπου Βιτρό, Λιβελούλες Press Papier, Πασχαλινό Καλάθι από Χεράκια, Φωλίτσα για τα Μικρά Κοτόπουλα, Αβγά Κρεμαστά με Πουλάκια, Στεφάνι Διακοσμητικό για την 25η Μαρτίου, Σημαία από Γλωσσοπιέστρα, Σπείρα με Λάβαρο για την 25η Μαρτίου.
700 1# - ΠΡΟΣΘΕΤΗ ΑΝΑΓΡΑΦΗ--ΦΥΣΙΚΟ ΠΡΟΣΩΠΟ
Personal name Limos Anna
9 (RLIN) 9440
942 ## - ADDED ENTRY ELEMENTS (KOHA)
Koha item type Περιοδικά Δημοσιεύματα
Holdings
Τύπος τεκμηρίου Βιβλιοθήκη Τρέχουσα τοποθεσία Barcode Ημερομηνία απόκτησης Ταξιθετικό σύμβολο Αριθμός αντιτύπου Κατάσταση απόσυρσης Κατάσταση χαμένου Κατάσταση κατεστραμμένου Μη δανεισμός Σύνολο δανεισμών Ημερομηνία τελευταίας εμφάνισης Η τιμή ισχύει από
Περιοδικά Δημοσιεύματα MC Athens Campus Library MC Athens Campus Library 9780000091512 05/06/2025 ΥΛΙΚΑ ΠΑΙΔΑΓΩΓΙΚΩΝ 1           05/06/2025 05/06/2025

MC Athens Campus Library
Πατησίων 94 & Κοδριγκτώνος 13, 104 34
Πελλήνης 8 & Πατησίων 107, 112 51
Τ: +30 210 8899600

MC Thessaloniki Campus Library
Ίωνος Δραγούμη 21, 54625 | Ίωνος Δραγούμη 15, 54625
Τ: +30 2310 287779 – Τ: +30 2314 440300